| 000 | 00395nam a2200145 a 4500 | ||
|---|---|---|---|
| 001 | 3681 | ||
| 003 | CDMR | ||
| 005 | 20130116135247.0 | ||
| 008 | 130130s1976||||||||||||||||||||||||||||d | ||
| 040 |
_aCDMR _bcat _cCPC GIRONA |
||
| 100 | 1 |
_aCándido, Carlos Luis Álvarez _92621 |
|
| 245 | 1 | 3 |
_aUn periodista en la dictadura _cCándido, Carlos Luis Álvarez |
| 260 |
_c1976 _bA.Q. Ediciones |
||
| 942 | _cMON | ||
| 999 |
_c3681 _d3681 |
||